les destinations les plus touristiques de france selon forbes - Statistiques

Statistiques générales
  • Ce quiz a été pris 4 fois
  • Le résultat moyen est 2 sur 10
Statistiques - réponses
Hint Réponse % Correct
2 Chamonix
100%
7 La grande-motte
50%
1 Agde
25%
4 Argelès-sur-mer
25%
3 Carnac
25%
10 La baule
0%
6 Le lavandou
0%
5 Quiberon
0%
8 Ramatuelle
0%
9 Saint-raphael
0%
Aucun quiz correspondant
Distribution des résultats
% des personnes avec chaque résultat
Percentile par nombre de réponses
Votre historique - résultats
Vous n’avez pas pris ce quiz